Dovolenka
Medzi základné práva zamestnancov patrí dovolenka na zotavenie. Rozlišuje sa dovolenka: za celý kalendárny rok, za odpracované dni, dodatková dovolenka, osobitná dodatková dovolenka.
Saved in:
| Main Author: | |
|---|---|
| Format: | Book Chapter |
| Language: | Slovak |
| Subjects: | |
| Tags: |
No Tags, Be the first to tag this record!
|
MARC
| LEADER | 00000naa a2200000 4500 | ||
|---|---|---|---|
| 001 | r032862 | ||
| 005 | 20230922130951.5 | ||
| 041 | 0 | |a slo | |
| 044 | |a SK | ||
| 245 | 1 | 0 | |a Dovolenka |c Anna Jendrálová |
| 520 | |a Medzi základné práva zamestnancov patrí dovolenka na zotavenie. Rozlišuje sa dovolenka: za celý kalendárny rok, za odpracované dni, dodatková dovolenka, osobitná dodatková dovolenka. | ||
| 610 | 2 | 0 | |a dovolenka |
| 610 | 2 | 0 | |a zamestnanci |
| 610 | 2 | 0 | |a pomer pracovný |
| 610 | 2 | 0 | |a zamestnávatelia |
| 610 | 2 | 0 | |a práva pracovníkov |
| 100 | 1 | |a Jendrálová, Anna | |